| 000 | 00861nam a22002297a 4500 | ||
|---|---|---|---|
| 005 | 20180410153023.0 | ||
| 010 | _aB-690892-893 | ||
| 020 |
_a9788188951529 _c199.00 |
||
| 035 | _aB-690892-893 | ||
| 037 |
_aDPL _bPancy |
||
| 082 | _a158.1 | ||
| 100 | _aWattles, Wallace D. | ||
| 245 |
_aThe science of being great:how to be a genius _bthe practical guide to a life of power / _cEdited by Kaushal Goyal |
||
| 260 |
_aNew Delhi _bPigeon Books India _c2017 |
||
| 270 |
_a1-2/16, Ansari Road,Daryaganj, _bNew Delhi _e110002 |
||
| 300 |
_a186p. _b20cmpbk) _cill. |
||
| 490 | _aPigeon Biography Series | ||
| 500 | _aBalidani | ||
| 700 | _aGoyal, Kaushal | ||
| 942 |
_2ddc _cEN _h158.1 _mWAT |
||
| 999 |
_c150974 _d150974 |
||